000 01046nam a22002177a 4500
999 _c58817
_d58817
005 20221004172530.0
008 221004b2007 ru ||||| |||| 00| 0 rus d
020 _a9785953204493
041 _arus
080 _a58(075.8) П-69
245 _aПрактикум по цитологии и цитогенетике растении :
_bУч. пособие для студентов высших уч. заведении /
_cВ.А. Пухальский, А. А. Соловьев, Е. Д. Бадеева, В. Н. Юрцев.
264 _aМосква :
_b"Колосс",
_c2007.
300 _a195 стр.:
_bилл.;
_c20 см.
500 _aбиблиогр. стр.186-189
653 _aმცენარეების ციტოლოგია
700 _aПухальский, В.А.
_eავტორი
_915032
700 _aСоловьев, А. А.
_eავტორი
_915033
700 _a Бадеева, Е. Д.
_eავტორი
_915034
700 _aЮрцев, В. Н.
_eავტორი
_915035
942 _2udc
_cQSR